Strategické aliancie v medzinárodnom podnikaní bakalárska práca

Gespeichert in:
Bibliographische Detailangaben
1. Verfasser: Dobosová, Gabriela
Körperschaft: Obchodná fakulta EU. Katedra medzinárodného obchodu
Weitere Verfasser: Lazový, Pavol
Format: Buch
Sprache:Slowakisch
Veröffentlicht: Bratislava 2009
Tags: Tag hinzufügen
Keine Tags, Fügen Sie das erste Tag hinzu!

MARC

LEADER 00000nam$a2200000$$$4500
001 0103180
005 20240318133855.7
041 0 |a slo 
044 |a SK 
245 1 0 |a Strategické aliancie v medzinárodnom podnikaní  |b bakalárska práca  |c Gabriela Dobosová ; škol. Pavol Lazový 
264 1 |a Bratislava  |c 2009 
300 |a 53 s. 
100 1 |a Dobosová, Gabriela 
700 1 |a Lazový, Pavol 
710 2 |a Obchodná fakulta EU. Katedra medzinárodného obchodu